| 000 | 00964nam0a22002531 4500 | ||
|---|---|---|---|
| 001 | rc\3015186 | ||
| 005 | 20250810060226.0 | ||
| 035 | _a(NLR Aleph) 007157526 | ||
| 090 |
_a7215400 _c7215400 |
||
| 100 | _a20110925d1944 u y0rusy50 ca | ||
| 101 | 0 | _arus | |
| 102 | _aRU | ||
| 105 | _ay j ||||| | ||
| 200 | 1 |
_aКонспект лекции "Борьба за увеличение пробега паровоза между обточками" _fЗаднепровский А.Я. _gМоск. объединение кинолекторий ЦУУЗ НКПС |
|
| 210 |
_a[Москва] _cТрансжелдориздат _d1944 |
||
| 215 |
_a8 с. _d15 см |
||
| 700 | 1 |
_aЗаднепровский _bА.Я. _gАлександр Яковлевич |
|
| 801 | 0 |
_aRU _bNLR _gpsbo |
|
| 801 | 1 |
_aRU _bELAR _2rusmarc |
|
| 852 |
_aNLR _j58-1/1162 |
||
| 942 | _cBOOK | ||
| 945 | _aРоссийская национальная библиотека | ||
| 980 | _aNB | ||
| 980 | _aBV | ||